Academic growth group and mentoring program for potential dropouts (Record no. 61736)

MARC details
000 -CABECERA
campo de control de longitud fija 00584nam a2200217 a 4500
005 - FECHA Y HORA DE LA ÚLTIMA TRANSACCIÓN
campo de control 20210219152825.0
008 - ELEMENTOS DE LONGITUD FIJA--INFORMACIÓN GENERAL
campo de control de longitud fija 991125n 000 0 eng u
035 ## - NÚMERO DE CONTROL DEL SISTEMA
Número de control de sistema UPN01000062475
100 ## - ASIENTO PRINCIPAL--NOMBRE PERSONAL
Nombre de persona Blum, Dorothy J.
222 ## - TÍTULO CLAVE
Título clave SCHOOL COUNSELOR
245 ## - MENCIÓN DE TÍTULO
Título Academic growth group and mentoring program for potential dropouts
300 ## - DESCRIPCIÓN FÍSICA
Extensión 207-217
362 ## - FECHAS DE PUBLICACIÓN Y/O DESIGNACIÓN SECUENCIAL
Fecha de publicación y/o designación secuencial 1993 40, No. 3
653 0# - TERMINO DE INDIZACION - NO CONTROLADO
Término no controlado ASESORES
653 0# - TERMINO DE INDIZACION - NO CONTROLADO
Término no controlado MENTOR
653 0# - TERMINO DE INDIZACION - NO CONTROLADO
Término no controlado POSIBLES MARGINADOS
653 0# - TERMINO DE INDIZACION - NO CONTROLADO
Término no controlado PREVENCION DE LA DESERCION
700 ## - ASIENTO SECUNDARIO--NOMBRE DE PERSONAL
Nombre de persona Jones, L. Adelle
904 ## - ELEMENTOS DE DATOS D LOCAL, LDD (RLIN)
a AC
b 000286
905 ## - TIPO DE MATERIAL
Tipo de material Articulo

No items available.